MARC

LEADER 00000nam0a2200000 4500
001 274251
005 20231101234717.0
020 |a RU  |b 85-102343 
035 |a (RuTPU)RU\TPU\book\297461 
090 |a 274251 
100 |a 20141101d1985 k y0rusy5003 ca 
101 0 |a rus 
102 |a RU 
105 |a a z 000zy 
200 1 |a Современные данные изотопной геохимии и космохимии  |e сборник научных трудов  |f Академия наук СССР (АН СССР), Институт геологии и геохронологии докембрия (ИГГД) ; под ред. Л. К. Левского ; О. А. Левченкова 
210 |a Ленинград  |c Наука  |d 1985 
215 |a 181 с.  |c ил. 
606 1 |a Космохимия  |2 stltpush  |3 (RuTPU)RU\TPU\subj\15903  |9 42104 
606 1 |a Ядерная геохимия  |2 stltpush  |3 (RuTPU)RU\TPU\subj\21556  |9 46520 
610 1 |a газы 
610 1 |a изотопы 
610 1 |a распространенность 
610 1 |a цирконы 
610 1 |a исследование 
610 1 |a стронций 
610 1 |a термоионная эмиссия 
610 1 |a гидротермальные системы 
610 1 |a масс-спектрометры 
675 |a 550.42:546  |v 3 
675 |a 52-36  |v 3 
702 1 |a Левский  |b Л. К.  |g Лев Константинович  |4 340 
702 1 |a Левченков  |b О. А.  |4 340 
712 0 2 |a Академия наук СССР (АН СССР)  |b Институт геологии и геохронологии докембрия (ИГГД)  |c (Ленинград)  |2 stltpush  |3 (RuTPU)RU\TPU\col\11390 
801 0 |a RU  |b RuMRKP  |c 19950704  |g psbo 
801 1 |a RU  |b 63413507  |c 20141101 
801 2 |a RU  |b 63413507  |c 20170323  |g RCR 
942 |c BK